1781 1272 1179 1289 1933 1541 1668 1619 1718 1585 1674 1345 1511 1165 1119 1116 1893 1736 1026 1171 1076 1068 1381 1710 1195 1618 1820 1215 1503 1082 1804 1523 1587 1768 1283 1573 1653 1103 1329 1132 1108 1394 1714 1257 1990 1840 1539 1490 1622 1740 1198 1265 1955 1885 1182 1809 1768 1218 1812 1698 1816 1594 1901 1480 1342 1427 1532 1390 1060 1770 1292 1533 1781 1542 1226 1393 1778 1396 1071 1199 1095 1953 1318 1114 1618 1621 1463 1972 1906 1837 1754 1173 1217 1209 1445 1701 1035 1168 1996 BCNSPRNW ULIB Ver.6.0+V

เปลี่ยนเป็นภาษาไทย

Change to English
 แสดงรายละเอียดบรรณานุกรม
  กลับหน้าหลัก

Brief Record : Get Marc (ISO 2709) : E-mail record : QR code < ปิดหน้าต่าง
LEADER : 00000nam 2200000uu 4500
001    13399122877
003     ULIB
008    131024s2010||||th 000 0 eng d
020    ^a9781608310883 (v.2)
060 04 ^aWY150^bB897 ล.2 2010
245 00 ^aBrunner & Suddarth s textbook of medical-surgical nursing./^cBrunner ; Lillian Sholtis,Suddarth ; Doris Smith
246 30 ^aBrunner and Suddarth s textbook of medical-surgicalnursing
246 30 ^aTextbook of medical-surgical nursing
250    ^a12th ed. /^b[edited by] Suzanne C. Smeltzer ... [et al.]
260    ^aPhiladelphia :^bWolters Kluwer/Lippincott Williams &Wilkins,^c2010
300    ^a2 v. (xxvii, 2240, I096) :^bill. ;^c29 cm.3/4 in.).
504    ^aIncludes bibliographical references and index
650  2 ^aNursing Care
650  2 ^aPerioperative Nursing
700 1  ^aBrunner, Lillian Sholtis
700 1  ^aSuddarth, Doris Smith
700 1  ^aSmeltzer, Suzanne C. O Connell,^eed.
945    ^p0^l0^i17780
945    ^p0^l0^i17719
995    ^aทศพร
999    ^aทศพร เกษรทอง
รายการนี้ยังไม่มีแท็ก
คุณยังไม่ได้ล็อกอิน คุณสามารถมีกิจกรรมร่วมกับเว็บไซต์ได้ แต่ต้องล็อกอินก่อน ::
  ล็อกอิน

รายการสื่อสารสนเทศ

ลำดับที่ ประเภท เลขเรียก/บาร์โค้ด สถานที่ สถานะ
1. Book การพยาบาล
Book การพยาบาล
WY150 B897 ล.2 2010 C.1 
  Barcode: 17719
ห้องสมุดวิทยาเขตนครสวรรค์
►หนังสือทั่วไป:l:General Books
บนชั้น
2. Book การพยาบาล
Book การพยาบาล
WY150 B897 ล.2 2010 C.2 
  Barcode: 17780
ห้องสมุดวิทยาเขตนครสวรรค์
►หนังสือทั่วไป:l:General Books
บนชั้น

รายการใกล้เคียง
    หัวเรื่อง [Nursing Care]
    หัวเรื่อง [Perioperative Nursing]

BibComment


ยังไม่เคยถูกคอมเมนท์

คอมเมนท์ทรัพยากรรายการนี้
  คอมเมนท์: Brunner Suddart..


 Copyright 2026. Bcnsprnw @Library